[Event "CAN op"]
[Site "Calgary CAN"]
[Date "2023.07.27"]
[Round "7.21"]
[White "Chandra, Anand Rishi"]
[Black "Singh Dhaliwal, Jaipreet"]
[Result "0-1"]
[WhiteElo "2199"]
[BlackElo "2028"]
[PlyCount "96"]
[EventDate "2023.07.22"]
[EventType "swiss"]
[EventRounds "10"]
[EventCountry "CAN"]

1. e4 c5 2. Nf3 d6 3. d4 cxd4 4. Nxd4 Nf6 5. Nc3 a6 6. Be3 e5 7. Nb3 Be6 8. f3
Nbd7 9. Qd2 b5 10. O-O-O h5 11. Nd5 Rc8 12. Kb1 Bxd5 13. exd5 Nb6 14. Bxb6 Qxb6
15. g3 g6 16. Qe2 Rc7 17. f4 Re7 18. fxe5 Rxe5 19. Qf3 Bg7 20. Bg2 O-O 21. h3
Rfe8 22. g4 Qc7 23. Rhg1 Ne4 24. Bf1 Qa7 25. Rg2 Ng5 26. Qg3 Ne4 27. Qh2 Qc7
28. c3 Nc5 29. gxh5 Rxh5 30. Re2 Ree5 31. Rxe5 Rxe5 32. Qf2 Na4 33. Bg2 Rf5 34.
Qe3 Re5 35. Qd2 Nb6 36. Bf3 Nc4 37. Qf2 Rf5 38. Re1 Qd7 39. Qg2 Re5 40. Rxe5
Bxe5 41. Be4 Qe7 42. Nc1 Bg7 43. Bd3 Ne5 44. Be2 Qf6 45. Qe4 Qf2 46. a4 bxa4
47. Bxa6 a3 48. bxa3 Qb6+ 0-1

[Event "CAN op"]
[Site "Calgary CAN"]
[Date "2023.07.27"]
[Round "7.22"]
[White "Sharma, Vishruth"]
[Black "Mok, Erwin"]
[Result "1-0"]
[WhiteElo "2198"]
[BlackElo "1694"]
[PlyCount "123"]
[EventDate "2023.07.22"]
[EventType "swiss"]
[EventRounds "10"]
[EventCountry "CAN"]

1. e4 c5 2. Nf3 d6 3. d3 Nc6 4. g3 g6 5. Bg2 Bg7 6. c3 e5 7. O-O Nf6 8. Nbd2
O-O 9. a3 Qc7 10. b4 b6 11. Bb2 Rd8 12. b5 Ne7 13. d4 Bb7 14. d5 Nd7 15. c4 h6
16. Nh4 Rf8 17. f4 Qd8 18. f5 g5 19. Nhf3 Nf6 20. Ne1 Kh7 21. Bf3 Rh8 22. Nd3
Qc7 23. a4 Nc8 24. Nb3 Rb8 25. g4 Nd7 26. Bc3 f6 27. Ndc1 Kg8 28. Qd3 Kf7 29.
Ne2 Ne7 30. Ng3 Rh7 31. Kf2 Rbh8 32. Nh5 Qb8 33. Ke3 Nc8 34. Ra2 Qc7 35. Rfa1
Bf8 36. a5 Rg8 37. h3 Rgh8 38. Kd2 Qb8 39. Kc2 Qc7 40. Bd2 Ke7 41. Be3 Kf7 42.
Kc3 Ke7 43. h4 Kf7 44. Qd2 Qd8 45. Be2 Be7 46. Bd3 Rg7 47. Nxg7 Kxg7 48. Qf2
Rh7 49. Nd2 Qf8 50. Nf3 Qd8 51. a6 Ba8 52. Rh1 Qh8 53. Rh3 Nf8 54. Qg1 Bd8 55.
Rah2 Qg8 56. Qh1 Be7 57. hxg5 hxg5 58. Rxh7+ Nxh7 59. Rh6 Kh8 60. Qh5 Bd8 61.
Bxg5 fxg5 62. f6 1-0

[Event "CAN op"]
[Site "Calgary CAN"]
[Date "2023.07.27"]
[Round "7.23"]
[White "Perelman, Leon"]
[Black "Bulga, Tamir"]
[Result "1-0"]
[WhiteElo "2129"]
[BlackElo "1961"]
[PlyCount "75"]
[EventDate "2023.07.22"]
[EventType "swiss"]
[EventRounds "10"]
[EventCountry "CAN"]

1. c4 c5 2. e3 e6 3. Nf3 Nf6 4. b3 Nc6 5. Bb2 d5 6. Be2 Be7 7. O-O O-O 8. a3 a5
9. Qc2 d4 10. exd4 cxd4 11. Re1 e5 12. Bd3 Qc7 13. Bf5 g6 14. Bxc8 Raxc8 15. d3
Nh5 16. Nbd2 f5 17. c5 Rfe8 18. b4 Bf6 19. Qb3+ Kh8 20. Nc4 Re7 21. Nb6 Rd8 22.
Nd5 Rxd5 23. Qxd5 Nf4 24. Qd6 Kg7 25. Qxc7 Rxc7 26. b5 Nxd3 27. bxc6 Rxc6 28.
Re2 Rxc5 29. g3 Rc4 30. Ne1 Nc5 31. Rc2 b5 32. Rac1 d3 33. Rxc4 bxc4 34. Nf3
Na4 35. Ba1 e4 36. Bxf6+ Kxf6 37. Rxc4 exf3 38. Rxa4 1-0

[Event "CAN op"]
[Site "Calgary CAN"]
[Date "2023.07.27"]
[Round "7.24"]
[White "Yang, Henry"]
[Black "Wu, Jonathan"]
[Result "1/2-1/2"]
[WhiteElo "1818"]
[BlackElo "2075"]
[PlyCount "141"]
[EventDate "2023.07.22"]
[EventType "swiss"]
[EventRounds "10"]
[EventCountry "CAN"]

1. d4 Nf6 2. c4 g6 3. f3 Bg7 4. e4 d6 5. Nc3 O-O 6. Bg5 c5 7. d5 e6 8. Qd2 a6
9. a4 Qa5 10. Ra3 exd5 11. cxd5 Nbd7 12. Nh3 Ne5 13. Nf2 Re8 14. Be2 h5 15. O-O
Rb8 16. Bf4 Nfd7 17. Rb3 Nb6 18. Rd1 Bd7 19. Bh6 Nbc4 20. Bxc4 Nxc4 21. Qf4 Be5
22. Qc1 b5 23. axb5 axb5 24. f4 Bh8 25. f5 Kh7 26. fxg6+ fxg6 27. Bf4 b4 28.
Nb1 Qa4 29. Qxc4 Bb5 30. Rxb4 cxb4 31. Qc7+ Bg7 32. Re1 Rbc8 33. Qxd6 Qc2 34.
Nh3 Qc5+ 35. Qxc5 Rxc5 36. Ng5+ Kg8 37. Ne6 Rc2 38. Nxg7 Kxg7 39. b3 Re2 40.
Rxe2 Bxe2 41. e5 Rd8 42. d6 Kf7 43. Kf2 Bd3 44. Nd2 Ke6 45. Ke3 Bc2 46. Kd4 Rc8
47. Nc4 Rc6 48. Bd2 Ra6 49. Bxb4 Bxb3 50. Ne3 Ra2 51. Kc3 Ba4 52. Kd4 Bc6 53.
Kc5 Bxg2 54. Nc4 Rc2 55. Kd4 Bc6 56. Ne3 Rxh2 57. Kc5 Ba4 58. Bc3 Re2 59. Nd5
Rxe5 60. Bxe5 Kxe5 61. Ne7 Kf6 62. Kd5 Bd7 63. Ke4 g5 64. Ng8+ Ke6 65. Kf3 Kxd6
66. Nf6 Bc6+ 67. Kg3 h4+ 68. Kg4 Ke5 69. Kxg5 h3 70. Ng4+ Kd4 71. Kh4 1/2-1/2

[Event "CAN op"]
[Site "Calgary CAN"]
[Date "2023.07.27"]
[Round "7.25"]
[White "Hooshdaran, Soheil"]
[Black "Sasata, Robert"]
[Result "0-1"]
[WhiteElo "1617"]
[BlackElo "2306"]
[PlyCount "32"]
[EventDate "2023.07.22"]
[EventType "swiss"]
[EventRounds "10"]
[EventCountry "CAN"]

1. e4 e5 2. Nf3 Nc6 3. Bb5 f5 4. Nc3 fxe4 5. Nxe4 Nf6 6. d3 d5 7. Nxf6+ Qxf6 8.
Qe2 Bd6 9. Bg5 Qf5 10. O-O O-O 11. Bd2 Qh5 12. h3 Bxh3 13. d4 e4 14. Ne5 Rf3
15. Rfd1 Nxe5 16. gxh3 Qg6+ 0-1

[Event "CAN op"]
[Site "Calgary CAN"]
[Date "2023.07.27"]
[Round "7.26"]
[White "Bince, Rolando"]
[Black "Vasic, Maxim"]
[Result "0-1"]
[WhiteElo "1881"]
[BlackElo "2200"]
[PlyCount "90"]
[EventDate "2023.07.22"]
[EventType "swiss"]
[EventRounds "10"]
[EventCountry "CAN"]

1. e4 e5 2. Nf3 Nc6 3. Bb5 a6 4. Ba4 Nf6 5. O-O Be7 6. Re1 b5 7. Bb3 d6 8. c3
Bg4 9. d3 O-O 10. a4 Rb8 11. axb5 axb5 12. Bd5 Qd7 13. Bxc6 Qxc6 14. Bg5 Ra8
15. Na3 Qb7 16. h3 Bh5 17. g4 Bg6 18. Nh4 c6 19. Nf3 h5 20. Nh4 Nxg4 21. hxg4
Bxg5 22. Nf5 Bxf5 23. gxf5 g6 24. Qf3 Bf4 25. Kh1 Qe7 26. Qh3 Kg7 27. Nc2 g5
28. Kg2 Rxa1 29. Rxa1 Rh8 30. Ne3 g4 31. Qh1 Bxe3 32. fxe3 Qg5 33. f6+ Kg6 34.
Qe1 h4 35. Qf2 Qxf6 36. Qxf6+ Kxf6 37. Ra6 h3+ 38. Kh1 g3 39. Ra1 Kg5 40. b3
Kg4 41. d4 h2 42. Kg2 h1=Q+ 43. Rxh1 Rxh1 44. Kxh1 Kf3 45. Kg1 Kxe3 0-1

[Event "CAN op"]
[Site "Calgary CAN"]
[Date "2023.07.27"]
[Round "7.27"]
[White "Rekhson, Vladislav"]
[Black "MacLeod, Damon"]
[Result "1-0"]
[WhiteElo "2146"]
[BlackElo "1889"]
[PlyCount "55"]
[EventDate "2023.07.22"]
[EventType "swiss"]
[EventRounds "10"]
[EventCountry "CAN"]

1. e4 c5 2. c3 Nf6 3. e5 Nd5 4. Nf3 Nc6 5. Bc4 Nb6 6. Bb3 d5 7. exd6 Qxd6 8.
O-O c4 9. Bc2 Bg4 10. Re1 Qf6 11. Be4 O-O-O 12. Qe2 g6 13. b3 Bg7 14. bxc4 Bxf3
15. Bxf3 Ne5 16. Bg4+ e6 17. c5 Nd5 18. d4 Nxg4 19. Qxg4 h5 20. Qh3 g5 21. Na3
g4 22. Qd3 h4 23. c6 Qe7 24. Rb1 Nb6 25. Nc4 Qc7 26. cxb7+ Kb8 27. Nxb6 axb6
28. Qa6 1-0

[Event "CAN op"]
[Site "Calgary CAN"]
[Date "2023.07.27"]
[Round "7.28"]
[White "Zacharias, Nicholas"]
[Black "Aljo, Johan"]
[Result "1/2-1/2"]
[WhiteElo "1843"]
[BlackElo "2124"]
[PlyCount "50"]
[EventDate "2023.07.22"]
[EventType "swiss"]
[EventRounds "10"]
[EventCountry "CAN"]

1. e4 c6 2. d4 d5 3. f3 g6 4. Be3 Bg7 5. Nc3 Qb6 6. Qd2 Qxb2 7. Rb1 Qa3 8. Bd3
e6 9. h4 h5 10. Nh3 dxe4 11. Nxe4 Nf6 12. O-O O-O 13. c3 Nd5 14. Bh6 Qe7 15.
Bxg7 Kxg7 16. c4 Nf6 17. Ng3 Qd6 18. Qg5 Qxd4+ 19. Kh1 Qxd3 20. Nf4 Qd8 21.
Ngxh5+ Nxh5 22. Nxh5+ Kh7 23. Nf6+ Kg7 24. Nh5+ Kh7 25. Nf6+ Kg7 1/2-1/2

[Event "CAN op"]
[Site "Calgary CAN"]
[Date "2023.07.27"]
[Round "7.29"]
[White "Offengenden, Ron"]
[Black "Mok, Gillian"]
[Result "1-0"]
[WhiteElo "1812"]
[BlackElo "1999"]
[PlyCount "133"]
[EventDate "2023.07.22"]
[EventType "swiss"]
[EventRounds "10"]
[EventCountry "CAN"]

1. e4 e5 2. Nf3 Nc6 3. Bc4 Bc5 4. d3 Nf6 5. Nc3 h6 6. Be3 Bb6 7. h3 d6 8. O-O
O-O 9. d4 exd4 10. Nxd4 Re8 11. Re1 Ba5 12. Nxc6 bxc6 13. Bd4 Bxc3 14. Bxc3 Bb7
15. Qf3 d5 16. exd5 Rxe1+ 17. Rxe1 cxd5 18. Bxf6 Qxf6 19. Bxd5 Qxf3 20. Bxf3
Bxf3 21. gxf3 Kf8 22. Re3 Rb8 23. b3 Rb6 24. Rc3 Rb7 25. Rc6 Ke7 26. f4 Kd7 27.
Rc4 Rb6 28. Kg2 Rc6 29. Rd4+ Kc8 30. c4 Rg6+ 31. Kf3 Rg1 32. f5 Rc1 33. Rg4 Rc2
34. Rxg7 Rxa2 35. Rxf7 Ra3 36. Rf8+ Kb7 37. Kg4 Rxb3 38. f4 a5 39. f6 Rb6 40.
Kf5 a4 41. f7 a3 42. Rb8+ Kxb8 43. f8=Q+ Kb7 44. Qxa3 Rc6 45. Kg4 Kc8 46. Kh5
Rf6 47. Qa8+ Kd7 48. Qd5+ Ke7 49. Qe5+ Re6 50. Qxc7+ Kf6 51. Qd8+ Kf7 52. Qd7+
Kf6 53. Qxe6+ Kxe6 54. Kg6 Ke7 55. c5 Kd7 56. f5 Kc6 57. f6 Kxc5 58. f7 Kd5 59.
f8=Q Ke4 60. Qc5 h5 61. Kxh5 Kf4 62. Qd5 Kg3 63. Qf5 Kg2 64. Kg4 Kh2 65. Qc2+
Kh1 66. Kg3 Kg1 67. Qc1# 1-0

[Event "CAN op"]
[Site "Calgary CAN"]
[Date "2023.07.27"]
[Round "7.30"]
[White "Li, Adam"]
[Black "Darvekar, Yash"]
[Result "1-0"]
[WhiteElo "1988"]
[BlackElo "1886"]
[PlyCount "55"]
[EventDate "2023.07.22"]
[EventType "swiss"]
[EventRounds "10"]
[EventCountry "CAN"]

1. e4 c5 2. Nf3 d6 3. c3 Nf6 4. Bb5+ Bd7 5. Bxd7+ Qxd7 6. d3 Nc6 7. Qe2 e6 8.
O-O Be7 9. Rd1 O-O 10. Nbd2 Rac8 11. Nf1 a6 12. h3 b5 13. g4 Qb7 14. Ng3 Nd7
15. Bf4 Nb6 16. Nh5 d5 17. e5 c4 18. d4 b4 19. Qe3 Kh8 20. Bg5 Qd7 21. Re1 Na4
22. Re2 Rb8 23. Bf6 Rg8 24. Ng5 Bf8 25. cxb4 Rxb4 26. b3 Nb6 27. bxc4 Nxc4 28.
Qd3 1-0

[Event "CAN op"]
[Site "Calgary CAN"]
[Date "2023.07.27"]
[Round "7.31"]
[White "Ramalho, David"]
[Black "Taylor, Ashton"]
[Result "0-1"]
[WhiteElo "1803"]
[BlackElo "1969"]
[PlyCount "60"]
[EventDate "2023.07.22"]
[EventType "swiss"]
[EventRounds "10"]
[EventCountry "CAN"]

1. e4 c5 2. Nf3 e6 3. c3 Nc6 4. d4 cxd4 5. cxd4 d5 6. e5 Nge7 7. Bd3 Nf5 8.
Bxf5 exf5 9. O-O Be7 10. Nc3 Be6 11. Qb3 Rb8 12. Na4 O-O 13. Bd2 b5 14. Nc5
Nxd4 15. Nxe6 Nxf3+ 16. Qxf3 fxe6 17. g4 Rc8 18. Rad1 Rc4 19. gxf5 Rxf5 20. Qh3
Rh4 21. Qg3 Rfh5 22. f4 Bc5+ 23. Kg2 Rxh2+ 24. Qxh2 Rxh2+ 25. Kxh2 Qh4+ 26. Kg2
Qg4+ 27. Kh2 Qe2+ 28. Kh3 Bf2 29. Bc1 Qf3+ 30. Kh2 Qg3+ 0-1

[Event "CAN op"]
[Site "Calgary CAN"]
[Date "2023.07.27"]
[Round "7.32"]
[White "Wharton, Kayode"]
[Black "Wang, Andy"]
[Result "0-1"]
[WhiteElo "1728"]
[BlackElo "1960"]
[PlyCount "72"]
[EventDate "2023.07.22"]
[EventType "swiss"]
[EventRounds "10"]
[EventCountry "CAN"]

1. c4 c5 2. Nc3 Nc6 3. Nf3 g6 4. g3 Bg7 5. Bg2 e6 6. O-O Nge7 7. Ne4 d6 8. d3
O-O 9. Rb1 b6 10. h4 d5 11. cxd5 exd5 12. Neg5 Bb7 13. Bf4 h6 14. Nh3 d4 15.
Qd2 Kh7 16. Nh2 Nd5 17. Ng4 Nxf4 18. Qxf4 f5 19. Nh2 Qd7 20. Nf3 Rae8 21. Rfe1
Nb4 22. Qd2 Nxa2 23. Nf4 Nb4 24. h5 g5 25. Ng6 Kg8 26. Nxg5 hxg5 27. Qxg5 Bh6
28. Qh4 Bxg2 29. Kxg2 Qd8 30. Qh3 Qd5+ 31. Kg1 Nc2 32. Rf1 Rxe2 33. Qh4 Ne3 34.
f3 Nxf1 35. Rxf1 Qe6 36. g4 fxg4 0-1

[Event "CAN op"]
[Site "Calgary CAN"]
[Date "2023.07.27"]
[Round "7.33"]
[White "Douglas, Richard"]
[Black "Pottinger, Carl"]
[Result "1-0"]
[WhiteElo "1950"]
[BlackElo "1822"]
[PlyCount "85"]
[EventDate "2023.07.22"]
[EventType "swiss"]
[EventRounds "10"]
[EventCountry "CAN"]

1. f4 d5 2. Nf3 g6 3. e3 Bg7 4. Be2 Nf6 5. d3 O-O 6. O-O Bg4 7. h3 Bxf3 8. Bxf3
e6 9. c4 c6 10. Nc3 Nbd7 11. e4 dxe4 12. dxe4 Qc7 13. g4 Rfd8 14. Qe1 Nf8 15.
Be3 Rd7 16. e5 Ne8 17. g5 Rad8 18. Qf2 b6 19. a4 c5 20. a5 Rd3 21. Be4 Rxc3 22.
bxc3 Nd7 23. axb6 axb6 24. Ra2 Nxe5 25. fxe5 Bxe5 26. Bf4 Bxf4 27. Qxf4 e5 28.
Qf3 Qe7 29. h4 Nd6 30. Rfa1 Kg7 31. Ra7 Rd7 32. Qf6+ Qxf6 33. gxf6+ Kxf6 34.
Rxd7 Nxe4 35. Rf1+ Ke6 36. Rfxf7 Nxc3 37. Rfe7+ Kf5 38. Rxh7 Na4 39. Rhf7+ Ke4
40. Rf6 Nb2 41. Rxb6 Nxc4 42. Rxg6 Ne3 43. h5 1-0

[Event "CAN op"]
[Site "Calgary CAN"]
[Date "2023.07.27"]
[Round "7.34"]
[White "Zhong, April"]
[Black "Radic, Dejan"]
[Result "1-0"]
[WhiteElo "1938"]
[BlackElo "1746"]
[PlyCount "67"]
[EventDate "2023.07.22"]
[EventType "swiss"]
[EventRounds "10"]
[EventCountry "CAN"]

1. e4 c5 2. Nf3 g6 3. c3 Bg7 4. d4 cxd4 5. cxd4 d5 6. e5 Bg4 7. Bb5+ Nc6 8. Nc3
e6 9. O-O Nge7 10. Bg5 O-O 11. Bxc6 bxc6 12. h3 Bxf3 13. Qxf3 Rb8 14. Qe2 Qc7
15. Rac1 Nf5 16. Qd2 Qb6 17. Rfd1 Qxb2 18. Rc2 Qa3 19. g4 Ne7 20. Nb1 Qxh3 21.
Qe2 Bxe5 22. dxe5 Rb4 23. f4 Qg3+ 24. Qg2 Qxg2+ 25. Kxg2 Nc8 26. a3 Ra4 27.
Rxc6 Nb6 28. Nc3 Rxa3 29. Be7 Rxc3 30. Rxc3 Ra8 31. Rc7 Nc4 32. Rb1 Ne3+ 33.
Kf3 d4 34. Rcb7 1-0

[Event "CAN op"]
[Site "Calgary CAN"]
[Date "2023.07.27"]
[Round "7.35"]
[White "Gao, Lucy"]
[Black "Deepak, Laksshana"]
[Result "0-1"]
[WhiteElo "1933"]
[BlackElo "1681"]
[PlyCount "122"]
[EventDate "2023.07.22"]
[EventType "swiss"]
[EventRounds "10"]
[EventCountry "CAN"]

1. e4 c5 2. Nf3 a6 3. c3 e6 4. g3 d5 5. exd5 exd5 6. d4 h6 7. Bg2 Nf6 8. O-O
Be7 9. dxc5 Bxc5 10. Re1+ Be6 11. Nd4 Bxd4 12. Qxd4 O-O 13. Nd2 Nc6 14. Qd3 Qc8
15. Nb3 Bf5 16. Qd1 Re8 17. Be3 Ne5 18. Qd4 Be4 19. Nd2 Qf5 20. f3 Bc2 21. g4
Qg6 22. Nf1 Nc4 23. b3 Nd6 24. Bf4 Nb5 25. Qd2 Qd3 26. a4 Nxc3 27. Be5 Rac8 28.
Rac1 Qxd2 29. Nxd2 Na2 30. Ra1 Nb4 31. Bxf6 gxf6 32. f4 Re6 33. f5 Re5 34. Nf3
Rxe1+ 35. Rxe1 Nd3 36. Re3 Nf4 37. Bf1 Kf8 38. Nd4 Be4 39. Kf2 Rc1 40. b4 Rd1
41. Nb3 Bc2 42. Nc5 d4 43. Rf3 Nd5 44. Nxb7 Nxb4 45. Nc5 d3 46. Re3 Rxf1+ 47.
Kxf1 d2 48. Re1 dxe1=Q+ 49. Kxe1 Nd3+ 50. Nxd3 Bxd3 51. Kf2 Ke7 52. Kg3 Kd6 53.
Kh4 Ke5 54. a5 Kf4 55. Kh5 Be2 56. h3 Kg3 57. Kxh6 Kxh3 58. Kg7 Kxg4 59. Kxf6
Bc4 60. Ke5 Kg5 61. f6 Bb5 0-1

[Event "CAN op"]
[Site "Calgary CAN"]
[Date "2023.07.27"]
[Round "7.36"]
[White "Wang, Patrick"]
[Black "Zhang, Brian"]
[Result "0-1"]
[WhiteElo "1622"]
[BlackElo "1926"]
[PlyCount "76"]
[EventDate "2023.07.22"]
[EventType "swiss"]
[EventRounds "10"]
[EventCountry "CAN"]

1. e4 c5 2. Nf3 d6 3. d4 cxd4 4. Nxd4 Nf6 5. Nc3 a6 6. Bg5 e6 7. f4 Be7 8. Qd2
Qc7 9. O-O-O Nbd7 10. Be2 b5 11. Bf3 Bb7 12. a3 Rc8 13. Rhe1 Nb6 14. e5 Nc4 15.
Qe2 dxe5 16. fxe5 Nd5 17. Ne4 Nc3 18. Nxc3 Bxg5+ 19. Kb1 Nxb2 20. Ncxb5 axb5
21. Qxb5+ Kf8 22. Qxb2 Bxf3 23. gxf3 Rb8 24. Nb3 g6 25. Rd4 Kg7 26. f4 Be7 27.
Red1 Qb6 28. a4 Rhc8 29. R1d3 Bb4 30. Rd7 Qg1+ 31. Ka2 Ra8 32. a5 Bxa5 33. Nxa5
Rxa5+ 34. Ra3 Rxa3+ 35. Qxa3 Rxc2+ 36. Kb3 Qb1+ 37. Ka4 Ra2 38. Ka5 Rxa3# 0-1

[Event "CAN op"]
[Site "Calgary CAN"]
[Date "2023.07.27"]
[Round "7.37"]
[White "Boehmer, Kris"]
[Black "Usselman, Paul"]
[Result "1-0"]
[WhiteElo "2142"]
[BlackElo "1781"]
[PlyCount "53"]
[EventDate "2023.07.22"]
[EventType "swiss"]
[EventRounds "10"]
[EventCountry "CAN"]

1. d4 Nf6 2. c4 e6 3. g3 d5 4. Bg2 Bb4+ 5. Bd2 Be7 6. Nf3 O-O 7. O-O dxc4 8.
Qc2 a6 9. Qxc4 b5 10. Qc2 Bb7 11. Rc1 Nc6 12. e3 Rc8 13. Ne5 Nxe5 14. Bxb7 Nc4
15. Bxc8 Qxc8 16. a4 Qb7 17. b3 Nxd2 18. Nxd2 Bb4 19. Nf1 c5 20. dxc5 Qf3 21.
Qd1 Qf5 22. c6 Ne4 23. f3 Nc3 24. Qd2 Qc5 25. Kg2 Qxc6 26. axb5 axb5 27. Qd4
1-0

[Event "CAN op"]
[Site "Calgary CAN"]
[Date "2023.07.27"]
[Round "7.38"]
[White "Xu, Leon"]
[Black "Zhong, Ryan Yunhui"]
[Result "0-1"]
[WhiteElo "1811"]
[BlackElo "2017"]
[PlyCount "104"]
[EventDate "2023.07.22"]
[EventType "swiss"]
[EventRounds "10"]
[EventCountry "CAN"]

1. e4 e6 2. d4 d5 3. Bd3 dxe4 4. Bxe4 Nf6 5. Bf3 c5 6. Ne2 Nbd7 7. Be3 Qb6 8.
Nbc3 Be7 9. O-O O-O 10. dxc5 Bxc5 11. Na4 Qc7 12. Nxc5 Nxc5 13. c3 e5 14. Ng3
Be6 15. Qc2 Nd5 16. Bxc5 Qxc5 17. Rad1 Rad8 18. a3 Rd7 19. Ne4 Qe7 20. b4 b6
21. Qb2 f5 22. Nd2 e4 23. Be2 Qg5 24. Bb5 Rc7 25. Bc4 Nf4 26. Bxe6+ Nxe6 27.
Qb3 Qf6 28. Nb1 Kh8 29. Rd6 Re7 30. Qd5 Rfe8 31. Qd2 Qh4 32. Qe3 Ng5 33. Qg3
Qh5 34. Rd5 Qf7 35. c4 h6 36. Qf4 Rf8 37. Nc3 Ne6 38. Qd2 Qg6 39. f3 Ng5 40.
fxe4 f4 41. Rd6 Qf7 42. h4 Nxe4 43. Nxe4 Rxe4 44. Rd4 Qe6 45. c5 Re2 46. Rfxf4
Rxd2 47. Rxf8+ Kh7 48. Rxd2 Qe1+ 49. Kh2 Qxh4+ 50. Kg1 Qe1+ 51. Kh2 Qxd2 52. c6
Qd6+ 0-1

[Event "CAN op"]
[Site "Calgary CAN"]
[Date "2023.07.27"]
[Round "7.39"]
[White "Heran-Boily, Samuel"]
[Black "Gebhardt, David"]
[Result "1-0"]
[WhiteElo "1936"]
[BlackElo "1771"]
[PlyCount "69"]
[EventDate "2023.07.22"]
[EventType "swiss"]
[EventRounds "10"]
[EventCountry "CAN"]

1. e4 c6 2. d4 d5 3. Nd2 dxe4 4. Nxe4 Bf5 5. Ng3 Bg6 6. h4 h6 7. h5 Bh7 8. Nf3
Nd7 9. Bd3 Ngf6 10. Bxh7 Nxh7 11. Qe2 e6 12. Bf4 c5 13. O-O-O Qa5 14. Kb1 Be7
15. d5 Nhf8 16. dxe6 Nxe6 17. Nf5 Bf6 18. Nd6+ Ke7 19. Nxf7 Qb4 20. N7e5 Nxe5
21. Bxe5 Rhd8 22. Bxf6+ Kxf6 23. Rde1 Qg4 24. Qe5+ Kf7 25. Rh4 Rd1+ 26. Rxd1
Qxg2 27. Rd7+ Kg8 28. Qxe6+ Kh8 29. Ne1 Qxf2 30. Rg4 Rg8 31. Rg6 Qf4 32. a3 b6
33. Ng2 Qf8 34. Nh4 Qf4 35. Nf5 1-0

[Event "CAN op"]
[Site "Calgary CAN"]
[Date "2023.07.27"]
[Round "7.40"]
[White "Jackson, Mateo"]
[Black "Ming, Jerry"]
[Result "0-1"]
[WhiteElo "1914"]
[BlackElo "1756"]
[PlyCount "128"]
[EventDate "2023.07.22"]
[EventType "swiss"]
[EventRounds "10"]
[EventCountry "CAN"]

1. e4 c5 2. Nc3 Nc6 3. Bb5 Nd4 4. Nf3 e6 5. O-O a6 6. Bd3 Nc6 7. b3 Qc7 8. Bb2
Nf6 9. Re1 Be7 10. e5 Ng4 11. h3 Ngxe5 12. Nxe5 Nxe5 13. Nd5 exd5 14. Bxe5 d6
15. Bxg7 Rg8 16. Bf6 Be6 17. Bxh7 Bxf6 18. Bxg8 Bxa1 19. Qxa1 O-O-O 20. Qg7 Kb8
21. Re3 d4 22. Rg3 Rd7 23. Qf6 Qa5 24. h4 Qxd2 25. Bh7 Qd1+ 26. Kh2 Qh5 27. Be4
Kc7 28. f3 d5 29. Qf4+ Kc6 30. Rg5 Qh6 31. Bd3 c4 32. bxc4 dxc4 33. Bxc4 Qh7
34. Bd3 Qh8 35. Be4+ Kb6 36. a3 Ka7 37. g3 Qf8 38. Ra5 b6 39. Ra4 b5 40. Rb4
Qc5 41. Bd3 Qc3 42. Qc1 Rc7 43. Rb1 Ba2 44. Ra1 Bb3 45. h5 Bxc2 46. Qxc2 Qxc2+
47. Bxc2 Rxc2+ 48. Kh3 d3 49. Rd1 Rc3 50. Kg4 Rxa3 51. Kg5 b4 52. h6 Ra2 53.
Rxd3 Rh2 54. Kf6 Rxh6+ 55. Kxf7 a5 56. g4 Rb6 57. g5 b3 58. g6 b2 59. Rd7+ Ka6
60. g7 b1=Q 61. g8=Q Qf5+ 62. Ke8 Rb8+ 63. Rd8 Qe5+ 64. Kf7 Qc7+ 0-1

[Event "CAN op"]
[Site "Calgary CAN"]
[Date "2023.07.27"]
[Round "7.41"]
[White "Zhang, James"]
[Black "Xu, Philip"]
[Result "1/2-1/2"]
[WhiteElo "1742"]
[BlackElo "1878"]
[PlyCount "60"]
[EventDate "2023.07.22"]
[EventType "swiss"]
[EventRounds "10"]
[EventCountry "CAN"]

1. e4 c6 2. d4 d5 3. Nc3 dxe4 4. Nxe4 Bf5 5. Ng3 Bg6 6. f4 e6 7. Nf3 Nf6 8. Bd3
Bxd3 9. Qxd3 Bd6 10. O-O g6 11. Ne5 Nbd7 12. Bd2 Qc7 13. Ne4 Nxe4 14. Qxe4 Nf6
15. Qd3 O-O-O 16. Qe2 Kb8 17. b4 Nd5 18. c3 Rhe8 19. Qf3 f6 20. Nc4 Bf8 21.
Rae1 Rd7 22. Rf2 Rde7 23. Rfe2 Nb6 24. Ne3 Ka8 25. Ng4 Bg7 26. Qg3 Nc4 27. Qd3
Nd6 28. Qh3 Bh8 29. Qf3 Nf7 30. Qg3 Nd6 1/2-1/2

[Event "CAN op"]
[Site "Calgary CAN"]
[Date "2023.07.27"]
[Round "7.42"]
[White "Todd, Adie"]
[Black "Karmali, Hafiz"]
[Result "0-1"]
[WhiteElo "1618"]
[BlackElo "1869"]
[PlyCount "40"]
[EventDate "2023.07.22"]
[EventType "swiss"]
[EventRounds "10"]
[EventCountry "CAN"]

1. d4 e6 2. Bf4 d5 3. c4 c6 4. cxd5 exd5 5. Nc3 Nf6 6. e3 Bd6 7. Bxd6 Qxd6 8.
f4 O-O 9. Bd3 Re8 10. Qf3 Ng4 11. Nd1 Qb4+ 12. Ke2 Nxe3 13. Qxe3 Rxe3+ 14. Kxe3
Bg4 15. Ne2 Nd7 16. a3 Re8+ 17. Kf2 Qd2 18. Bxh7+ Kxh7 19. Ndc3 Bxe2 20. Rhe1
Qe3# 0-1

[Event "CAN op"]
[Site "Calgary CAN"]
[Date "2023.07.27"]
[Round "7.43"]
[White "Ratte, Cameron"]
[Black "Yin, Zeming"]
[Result "1/2-1/2"]
[WhiteElo "1848"]
[BlackElo "1748"]
[PlyCount "74"]
[EventDate "2023.07.22"]
[EventType "swiss"]
[EventRounds "10"]
[EventCountry "CAN"]

1. e4 c6 2. d4 d5 3. exd5 cxd5 4. Bd3 Nc6 5. c3 Qc7 6. Ne2 Bg4 7. O-O Bxe2 8.
Qxe2 e6 9. Nd2 Bd6 10. Nf3 Nge7 11. Re1 Ng6 12. g3 a6 13. Ng5 Nce7 14. f4 O-O
15. Qh5 h6 16. Nxe6 fxe6 17. Bxg6 Nxg6 18. Qxg6 Rf6 19. Qg4 Qf7 20. Bd2 Rf8 21.
Re2 h5 22. Qh3 Rf5 23. Rae1 Re8 24. a4 Qg6 25. Qg2 Kf7 26. h3 Rf6 27. Rf1 Kg8
28. h4 Ref8 29. Rfe1 Re8 30. Qf3 Qf5 31. Kg2 g6 32. Ra1 Rc8 33. Rc1 Rf7 34.
Ree1 Rfc7 35. Qe2 Kf7 36. b4 Rc4 37. b5 a5 1/2-1/2

[Event "CAN op"]
[Site "Calgary CAN"]
[Date "2023.07.27"]
[Round "7.44"]
[White "Skop, Mike"]
[Black "Daniluk, Jim"]
[Result "0-1"]
[WhiteElo "1655"]
[BlackElo "1844"]
[PlyCount "100"]
[EventDate "2023.07.22"]
[EventType "swiss"]
[EventRounds "10"]
[EventCountry "CAN"]

1. c3 c5 2. Na3 Nc6 3. Nc2 Nf6 4. g3 e6 5. Nh3 d5 6. Bg2 Be7 7. d3 h6 8. f3 O-O
9. O-O Qb6 10. Nf2 Rd8 11. e3 e5 12. Qe2 Qc7 13. e4 dxe4 14. dxe4 b6 15. f4 a5
16. Qf3 Ba6 17. Re1 Bf8 18. f5 Nh7 19. g4 Be7 20. Qg3 Rd7 21. h4 Qd8 22. g5
hxg5 23. hxg5 Bxg5 24. Ne3 Bf4 25. Qh3 Rb8 26. Nd5 Bxc1 27. Raxc1 Rd6 28. Ng4
f6 29. Kf2 Ng5 30. Qh4 Bc4 31. Nge3 Bxd5 32. Nxd5 Ne7 33. Rh1 Nxd5 34. exd5 Qc8
35. Qh8+ Kf7 36. Qh5+ Ke7 37. Qg6 Qf8 38. Rce1 Qf7 39. Rxe5+ fxe5 40. Qxg5+ Qf6
41. Qg4 Rf8 42. Be4 g6 43. Rh7+ Kd8 44. Ra7 gxf5 45. Ra8+ Kc7 46. Rxf8 fxg4+
47. Rxf6 Rxf6+ 48. Ke3 g3 49. Bf3 Rf4 50. b3 c4 0-1

[Event "CAN op"]
[Site "Calgary CAN"]
[Date "2023.07.27"]
[Round "7.45"]
[White "Zhao, Erin"]
[Black "Sembrano, Joshua"]
[Result "1-0"]
[WhiteElo "1613"]
[BlackElo "1825"]
[PlyCount "61"]
[EventDate "2023.07.22"]
[EventType "swiss"]
[EventRounds "10"]
[EventCountry "CAN"]

1. e4 d6 2. d4 Nf6 3. Nc3 e5 4. dxe5 dxe5 5. Qxd8+ Kxd8 6. Bc4 Ke8 7. a3 c6 8.
Nf3 Nbd7 9. O-O a5 10. Ng5 Bc5 11. Bxf7+ Ke7 12. Bb3 Bd4 13. Ne2 Nc5 14. Nxd4
exd4 15. Ba2 Ne6 16. e5 Ne8 17. Bd2 N8c7 18. Ne4 b5 19. f4 g6 20. Nd6 Ne8 21.
f5 gxf5 22. Nxf5+ Kd8 23. Bxe6 Bxe6 24. Nxd4 Bd5 25. Rad1 Ke7 26. Bg5+ Kd7 27.
g3 Nc7 28. Rf6 Raf8 29. Rd6+ Kc8 30. Nxc6 Bxc6 31. Rxc6 1-0